Statistiques concernant Premiers ministres britanniques Quiz

Cliquez ici pour prendre le quiz!

Statistiques générales

  • Ce quiz a été pris 658 fois
    (602 depuis la dernière actualisation)
  • Le résultat moyen est 9 sur 16

Statistiques - réponses

AnnéesPremier ministre% Correct
2019-...Boris Johnson
94%
1951-1955Winston Churchill
92%
1979-1990Margaret Thatcher
91%
2016-2019Theresa May
90%
2010-2016David Cameron
82%
1997-2007Tony Blair
78%
2007-2010Gordon Brown
56%
1990-1997John Major
56%
1945-1951Clement Attlee
50%
1964-1970Harold Wilson
42%
1974-1976Harold Wilson
42%
1955-1957Anthony Eden
39%
1957-1963Harold Macmillan
36%
1970-1974Edward Heath
31%
1976-1979James Callaghan
27%
1963-1964Alec Douglas-Home
23%

Distribution des résultats

Percentile par nombre de réponses

% des personnes avec chaque résultat

Votre développement - résultats

Vous n’avez pas pris ce quiz depuis la dernière actualisation